Manual of clinical microbiology. Ed. (Record no. 114587)
[ view plain ]
| 000 -LEADER | |
|---|---|
| fixed length control field | 00427nam a2200157Ia 4500 |
| 008 - FIXED-LENGTH DATA ELEMENTS--GENERAL INFORMATION | |
| fixed length control field | 210210b1985 xxu||||| |||| 00| 0 eng d |
| 020 ## - INTERNATIONAL STANDARD BOOK NUMBER | |
| International Standard Book Number | 0 914826 69 7 |
| 082 ## - DEWEY DECIMAL CLASSIFICATION NUMBER | |
| Classification number | 616.01 LENM |
| 100 ## - MAIN ENTRY--PERSONAL NAME | |
| Personal name | LENNETTE (Edwin H). |
| 245 ## - TITLE STATEMENT | |
| Title | Manual of clinical microbiology. Ed. |
| 260 ## - PUBLICATION, DISTRIBUTION, ETC. | |
| Place of publication, distribution, etc. | Washington. |
| Name of publisher, distributor, etc. | American society for microbiology |
| Date of publication, distribution, etc. | 1985 |
| 300 ## - PHYSICAL DESCRIPTION | |
| Extent | xvi,1149 |
| 650 ## - SUBJECT ADDED ENTRY--TOPICAL TERM | |
| Topical term or geographic name entry element | Medical |
| 690 ## - LOCAL SUBJECT ADDED ENTRY--TOPICAL TERM (OCLC, RLIN) | |
| Topical term or geographic name as entry element | Microbiology |
| 906 ## - LOCAL DATA ELEMENT F, LDF (RLIN) | |
| a | SG03838 |
| Withdrawn status | Lost status | Damaged status | Not for loan | Collection code | Home library | Current library | Shelving location | Date acquired | Source of acquisition | Cost, normal purchase price | Total Checkouts | Full call number | Barcode | Date last seen | Price effective from | Koha item type |
|---|---|---|---|---|---|---|---|---|---|---|---|---|---|---|---|---|
| Reference Book | St Aloysius Library | St Aloysius Library | 02/17/2021 | Yashashwi Enterprises, Bangalore. | 0.00 | 616.01 LENM | SG03838 | 02/17/2021 | 02/17/2021 | Special Grants |